|
|
|
|
| LEADER |
00994nam a2200253 a 4500 |
| 001 |
GR-MES10857 |
| 008 |
061002s nyu b 001 0 gre d |
| 020 |
|
|
|a 0070132127
|
| 040 |
|
|
|a GrPaTEI
|b gre
|c GR-PaULI
|
| 040 |
|
|
|a GrPaTEI
|b gre
|c GR-PaULI
|
| 082 |
|
0 |
|a 660.028 15
|2 20
|
| 100 |
1 |
|
|a Coughanowr, Donald R.
|
| 245 |
1 |
0 |
|a Process systems analysis and control. /
|c Donald R.Coughanowr.
|
| 250 |
|
|
|a 2nd ed.
|
| 260 |
|
|
|a New York :
|b McGraw-Hill,
|c c1991
|
| 300 |
|
|
|a xvii
|a 566σ. :
|b εικ. ;
|c 25εκ.
|
| 490 |
0 |
|
|a Chemical Engineering Series
|
| 504 |
|
|
|a Περιλαμβάνει βιβλιογραφίες και ευρετήριο.
|
| 650 |
|
0 |
|a Chemical process control
|
| 650 |
|
4 |
|a Χημεία
|
| 942 |
|
|
|2 ddc
|
| 952 |
|
|
|0 0
|1 0
|2 ddc
|4 0
|6 660_028000000000000_15_COU
|7 0
|9 270141
|a MSLG
|b MSLG
|c BSC
|d 2021-01-17
|e 24
|f 0
|g 0.00
|l 0
|o 660.028 15 COU
|p 2420000020823
|r 2021-01-17 00:00:00
|t 1
|w 2021-01-17
|y BK15
|x 20061002 0 1
|x GrPaTEI
|
| 971 |
|
|
|a .b25769042
|b 15-04-20
|c 13-09-16
|
| 999 |
|
|
|c 155980
|d 155980
|